000
00237nam a22000977a 4500
999
_c
522082
_d
522082
082
_a
TNC
100
_a
Sukhabodhananda, Swami
_9
36748
245
_a
Looking At Life Differently
260
_a
Bangalore
_b
Prasanna Trust
_c
2003
300
_a
230p.